Paladines sin suerte (Record no. 38409)

MARC details
000 -LEADER
campo de control de longitud fija 00733nam a2200181 i 4500
001 - NÚMERO DE CONTROL
campo de control 38409
003 - IDENTIFICADOR DE NÚMERO DE CONTROL
campo de control ES-MaACL
005 - FECHA Y HORA DE LA ÚLTIMA TRANSACCIÓN
campo de control 20251009190740.0
007 - CAMPO FIJO DE DESCRIPCIÓN FÍSICA--INFORMACIÓN GENERAL
campo de control de longitud fija t|
008 - DATOS DE LONGITUD FIJA--INFORMACIÓN GENERAL
campo de control de longitud fija 030225s1982 sp ||||1| spa d
100 1# - ENTRADA PRINCIPAL--NOMBRE DE PERSONA
Nombre de persona Callejo, Carlos.
9 (RLIN) 145506
245 10 - MENCIÓN DEL TÍTULO
Título Paladines sin suerte
Resto del título : discurso de ingreso en la Real Academia de Extremadura de las Letras y las Artes /
Mención de responsabilidad, etc. Carlos Callejo Serrano y contestación, Antonio Vargas-Zúñiga y Montero Espinosa.
260 ## - PUBLICACIÓN, DISTRIBUCIÓN, ETC.
Lugar de publicación, distribución, etc. Cáceres :
Nombre del editor, distribuidor, etc. Institución Cultural "El Brocense",
Fecha de publicación, distribución, etc. [1982]
300 ## - DESCRIPCIÓN FÍSICA
Extensión 48 p. ;
Dimensiones 23 cm.
700 0# - ENTRADA AGREGADA--NOMBRE PERSONAL
Nombre de persona Vargas-Zúñiga y Montero de Espinosa, Antonio de,
Títulos y otros términos asociados al nombre Marqués de Siete Iglesias
9 (RLIN) 113220
852 ## - LOCALIZACIÓN
Ubicación ES-MaACL
Número de control de estantería 2130-F-18
Sublocalización o colección R.105539
Holdings
Estatus retirado Estado de pérdida Estado de daño No para préstamo Colección Biblioteca de origen Biblioteca actual Ubicación en estantería Fecha de adquisición Fuente de adquisición Total de préstamos Signatura topográfica completa Código de barras Visto por última vez Precio de reemplazo Tipo de ítem Koha
        Colección de folletos Biblioteca del Ateneo de Madrid Biblioteca del Ateneo de Madrid Depósito folletos 17/01/2008     2130-F-18 1040438 23/02/2023 23/02/2023 Folleto